Teuerste Transfers vom Hamburger SV (Verkäufe) - Statistiken

Allgemein
  • Dieses Quiz wurde 201 mal gespielt
  • Das Durchschnittsergebnis liegt bei 9 aus 21
Antwortstatistiken
Saison Ablöse in Mio Neuer Verein Spieler % Korrekt
08/09 15 Real Madrid Rafael van der Vaart
87%
08/09 8,5 Manchester City Vincent Kompany
80%
10/11 12,5 Manchester City Jerome Boateng
79%
13/14 12,5 Leverkusen Heung-min Son
77%
14/15 15,25 Leverkusen Hakan Çalhanoğlu
69%
19/20 6.3 Frankfurt Filip Kostic
67%
21/22 12,5 Lille Amadou Onana
58%
19/20 14 Zenit Douglas Santos
58%
15/16 7,5 Leverkusen Jonathan Tah
56%
08/09 18 Manchester City Nigel de Jong
47%
17/18 5,5 Augsburg Michael Gregoritsch
46%
06/07 8 Bayern Daniel van Buyten
39%
18/19 5 Freiburg Luca Waldschmidt
37%
18/19 6 Hannover Walace
36%
11/12 9 Juventus Eljero Elia
20%
06/07 13,2 Chelsea Khalid Boulahrouz
20%
01/02 5,5 Bayern Niko Kovac
14%
09/10 7 Al-Hilal Thiago Neves
12%
91/92 7,5 Lazio Rom Thomas Doll
12%
12/13 6 Rubin Kazan Gökhan Töre
10%
04/05 7,5 Florenz Tomas Ujfalusi
7%
Keine übereinstimmenden Quizze gefunden
Verteilung der Resultate
Anzahl Personen mit jedem Resultat
Perzentil nach korrekt beantworteten Fragen
Ihre Resultats-Entwicklung
Sie haben dieses Quiz noch nicht gespielt